000 00619nam a22002297a 4500
003 OSt
005 20140310182927.0
008 130130t xxu||||| |||| 00| 0 eng d
020 _a 9789715849784
050 _aPE 1112
_b.Sa196 2010
082 _aFIL 425
_2Sa5 2006
245 _aSmart english : more than a worktext for grammar and syntax
_cSan Miguel, J. G.
260 _aManila
_bC & E Publishing
_c 2010
300 _a294 p.
_c26 cm
521 _acollege students
526 _c1210L-1700L
541 _j1
541 _j2
541 _j3
562 _e3
942 _2lcc
_cBK
_kFIL
999 _c17434
_d17434